书目信息 |
| 题名: |
教育政策的价值分析
|
|
| 作者: | 刘复兴 著 | |
| 分册: | ||
| 出版信息: | 北京 教育科学出版社 2006 |
|
| 页数: | 279页 | |
| 开本: | 23cm | |
| 丛书名: | ||
| 单 册: | ||
| 中图分类: | G40-011.8 , G40 | |
| 科图分类: | ||
| 主题词: | 教育政策--价值工程--研究 , 教育政策 | |
| 电子资源: | ||
| ISBN: | 7-5041-2603-9 | |
| 000 | 00953nam0 2200277 450 | |
| 000 | 00954nam0 2200265 450 | |
| 000 | 00882nam0 2200241 450 | |
| 000 | 00846oam2 2200229 45 | |
| 005 | 20070727151036.12 | |
| 010 | @a7-5041-2603-9@dCNY29.00 | |
| 100 | @a20070706d2006 em y0chiy0120 ea | |
| 101 | 0 | @achi |
| 102 | @aCN@b110000 | |
| 105 | @ay z 000yy | |
| 200 | 1 | @a教育政策的价值分析@AJiao Yu Zheng Ce De Jia Zhi Fen Xi@f刘复兴著@FLiu Fu Xing Zhu |
| 210 | @a北京@c教育科学出版社@d2006 | |
| 215 | @a279页@c照片@d23cm | |
| 330 | @a本书讨论了教育政策价值分析的含义、地位和研究方法,分析了教育政策的价值特征、价值系统,研究了教育政策过程中典型的价值问题等诸多内容。 | |
| 510 | 1 | @aValue Analysis to Educational Policy@zeng |
| 606 | 0 | @a教育政策@x价值工程@x研究 |
| 606 | 0 | @a教育政策 |
| 690 | @aG40-011.8@v4 | |
| 690 | @aG40@v3 | |
| 701 | 0 | @a刘复兴@ALiu Fu Xing@f(1966~)@4著 |
| 801 | 0 | @aCN@bTAOJIN@c20070727 |
| 905 | @a10447@dG40@e429 | |
| 教育政策的价值分析/刘复兴著.-北京:教育科学出版社,2006 |
| 279页:照片;23cm |
| ISBN 7-5041-2603-9:CNY29.00 |
| 本书讨论了教育政策价值分析的含义、地位和研究方法,分析了教育政策的价值特征、价值系统,研究了教育政策过程中典型的价值问题等诸多内容。 |
| ● |
| 相关链接 |
|
|
|
|
正题名:教育政策的价值分析
索取号:G40/429
 
预约/预借
| 序号 | 登录号 | 条形码 | 馆藏地/架位号 | 状态 | 备注 |
| 1 | 0821380 | 208213805 | 第一样本阅览室/ [索取号:G40/429] | 在馆 | |
| 2 | 0821381 | 208213814 | 第四借阅区/ [索取号:G40/429] | 在馆 | |
| 3 | 0821382 | 208213823 | 第四借阅区/ [索取号:G40/429] | 在馆 | |
| 4 | 0821383 | 208213832 | 第四借阅区/ [索取号:G40/429] | 在馆 | |
| 5 | 0821384 | 208213841 | 第四借阅区/ [索取号:G40/429] | 在馆 |